| 000 | 00397nam a2200133Ia 4500 | ||
|---|---|---|---|
| 008 | 231129s9999||||xx |||||||||||||| ||spa|| | ||
| 020 | _a958-9039-06-5 | ||
| 040 | _bspa | ||
| 082 | _a574.501 V648f | ||
| 100 | _aVidart Daniel | ||
| 245 | 0 | _aFilosofía ambiental : Epistemología praxicología didáctica | |
| 264 | _aNueva America | ||
| 942 |
_2ddc _cBKS |
||
| 999 |
_c13952 _d13952 |
||